000 00275nam a2200121Ia 4500
008 190216s9999||||xx |||||||||||||| ||und||
100 _aDhingra. I.C
245 0 _aRural Economics
260 _bSulthan Chand&Sons
_c1985
300 _a400p
650 _aEconomics
942 _cBK
999 _c9733
_d9733